00551nai a2200157Ia 4500003000900000008004100009022002200050022002300072040001600095245005200111260003400163310001700197362002600214521006900240856008400309IN-BaIIA211028c9999 xx s 000 0 eng d a1022-1336 (Print) a1521-3927 (Online) cIIA Library 0aMacromolecular Rapid Communicationsh[eJournal] aNew JerseybJohn Wiley & Sons aSemi-monthly a17(1); 1996 - Present bSubscribed through National Knowledge Resource Consortium (NKRC) uhttps://onlinelibrary.wiley.com/journal/15213927yClick Here to Access eJournal